PHARMACOLOGY AND PATHOLOGY OF THE CONTROL OF BREATHING (Record no. 14846)
[ view plain ]
| 000 -LEADER | |
|---|---|
| fixed length control field | 00291nam a22001217a 4500 |
| 003 - CONTROL NUMBER IDENTIFIER | |
| control field | SGT |
| 082 ## - DEWEY DECIMAL CLASSIFICATION NUMBER | |
| Classification number | 612.2 |
| Item number | P05W |
| 100 ## - MAIN ENTRY--PERSONAL NAME | |
| Personal name | WAED, DENHAM S. |
| 245 ## - TITLE STATEMENT | |
| Title | PHARMACOLOGY AND PATHOLOGY OF THE CONTROL OF BREATHING |
| 260 ## - PUBLICATION, DISTRIBUTION, ETC. (IMPRINT) | |
| Place of publication, distribution, etc | BOCA RATON |
| Name of publisher, distributor, etc | TAYLOR |
| Year of Publication | 2005 |
| 300 ## - PAGE DESCRIPTION | |
| No. of Pages | 849 |
| 942 ## - ADDED ENTRY ELEMENTS (KOHA) | |
| Source of classification or shelving scheme | Dewey Decimal Classification |
| Koha item type | Books |
| Withdrawn status | Lost status | Source of classification or shelving scheme | Damaged status | Not for loan | Collection code | Home library | Current library | Shelving location | Date acquired | Vendor Name | SGTU | Total Checkouts | Full call number | Accession No. (Barcode) | Date last seen | Bill Date | Koha item type |
|---|---|---|---|---|---|---|---|---|---|---|---|---|---|---|---|---|---|
| Dewey Decimal Classification | MEDICAL | SGT Medical Library | SGT Medical Library | Text Book | 30/01/2018 | ABC | SGTU | 612.2 P05W | FM9708 | 30/01/2018 | 30/01/2018 | Books |